Politics, ethnicity, and strategies of adaptation in an urban Indian squatter settlement in Peninsular Malaysia /
محفوظ في:
| المؤلف الرئيسي: | |
|---|---|
| التنسيق: | أطروحة كتاب |
| اللغة: | English |
| منشور في: |
1985.
|
| الموضوعات: | |
| الوسوم: |
إضافة وسم
لا توجد وسوم, كن أول من يضع وسما على هذه التسجيلة!
|
| LEADER | 01382cam a2200313 a 4500 | ||
|---|---|---|---|
| 001 | u49670 | ||
| 003 | SIRSI | ||
| 008 | 870316s1985 my t 0 eng m | ||
| 040 | |a UMM | ||
| 043 | |a a-my-se | ||
| 090 | |a HV4142.6 |b A6S4Raj | ||
| 091 | |a Microfilm 2728 | ||
| 100 | 0 | 0 | |a Rajoo Rengasamy. |
| 245 | 1 | 0 | |a Politics, ethnicity, and strategies of adaptation in an urban Indian squatter settlement in Peninsular Malaysia / |c Rajoo Rengasamy. |
| 260 | |c 1985. | ||
| 300 | |a x, 297 leaves ; |c 28 cm. | ||
| 500 | |a Also available on microfilm. Kuala Lumpur : Perpustakaan Universiti Malaya, 1986. 1 reel: negative ; 35 mm. | ||
| 502 | |a Thesis (Ph.D.) -- Jabatan Pengajian India, Fakulti Sastera dan Sains Sosial, Universiti Malaya, 1985. | ||
| 504 | 0 | 0 | |a Bibliography: leaves 283-297. |
| 650 | 0 | |a Squatter settlements |z Malaysia. | |
| 650 | 0 | |a Indians |z Malaysia |x Social conditions. | |
| 650 | 0 | |a Indians |z Malaysia |x Social life and customs. | |
| 650 | 0 | |a Squatters |z Malaysia |x Political activity. | |
| 650 | 0 | |a Squatters |z Selangor. | |
| 710 | 2 | 0 | |a Universiti Malaya. |b Jabatan Pengajian India |
| 948 | |a 16/03/1991 |b 29/07/2002 | ||
| 596 | |a 1 | ||
| 999 | |a HV4142.6 A6S4RAJ |w LC |c 1 |i A010115298 |d 28/12/2018 |e 28/12/2018 |l STACKS |m P01UTAMA |n 46 |r Y |s Y |t TESIS |u 6/2/1992 | ||
| 999 | |a MICROFILM 2728 & 2729 |w LC |c 1 |i A516655605 |d 7/10/2016 |f 7/10/2016 |g 1 |l MIKROFILM |m P01UTAMA |r Y |s Y |t MIKROFILEM |u 7/10/2016 | ||
